|
|
|
|
| LEADER |
00959nam a2200265 a 4500 |
| 001 |
3152654 |
| 008 |
110319s1975 iaua 001 0 eng d |
| 010 |
|
|
|a 74078726
|
| 020 |
|
|
|a 0697081133
|
| 040 |
|
|
|a DLC
|c DLC
|d DLC
|b D-DhAAL
|
| 050 |
0 |
0 |
|a QA76
|b .F395 1975
|
| 082 |
0 |
0 |
|a 001.6
|
| 100 |
1 |
|
|a Feingold, Carl.
|
| 245 |
1 |
0 |
|a Introduction to data processing /
|c Carl Feingold.
|
| 250 |
|
|
|a 2d ed.
|
| 260 |
|
|
|a Dubuque, Iowa :
|b W. C. Brown Co.,
|c 1975
|
| 300 |
|
|
|a xviii, 727 p. :
|b ill. (some col.) ;
|c 24 cm.
|
| 500 |
|
|
|a Includes index.
|
| 541 |
1 |
|
|e 00001375
|
| 650 |
|
0 |
|a Electronic data processing.
|
| 650 |
|
0 |
|a Electronic digital computers.
|
| 650 |
|
0 |
|a Programming languages (Electronic computers)
|
| 852 |
|
|
|a Ayesha Abed Library
|c General shelf.
|
| 999 |
|
|
|c 10561
|d 10561
|
| 952 |
|
|
|0 0
|1 0
|2 ddc
|4 0
|6 001_600000000000000_FEI
|7 0
|9 14772
|a BRACUL
|b BRACUL
|c GEN
|d 2011-03-19
|g 0.00
|l 0
|o 001.6 FEI
|p 3010001375
|r 2011-03-19
|t 1
|w 2011-03-19
|y BK
|z Not price in Register
|